000 00590nam a22001697a 4500
005 20251108165546.0
008 250721s1985 xx 000 0 ara d
082 1 4 _aم/331.026/محم
100 1 _aالبكري، محمد عزمي
245 1 0 _aمدونة الفقه و القضاء في قانون العمل الجديد :
_bشرح تفصيلي و تعليق بآراء /
264 1 _aالقاهره :
_bالمكتبة القانونية،
_c1985.
300 _aج
650 1 7 _aالعمل و العمال
650 1 7 _aقانون العمل
942 _2ddc
_cREF
999 _c30731
_d30731